[Event "Porto Sant Elpidio op 12th"]
[Site "Porto Sant Elpidio"]
[Date "2009.11.29"]
[Round "5"]
[White "Faini, Marco"]
[Black "Santurbano, Maria Vincenza"]
[Result "1-0"]
[WhiteElo "1913"]
[BlackElo "1970"]
[PlyCount "105"]
[EventDate "2009.11.21"]
[EventType "swiss"]
[EventRounds "6"]
[EventCountry "ITA"]
[SourceTitle "EXT 2012"]
[Source "ChessBase"]
[SourceDate "2011.11.24"]
[SourceVersion "1"]
[SourceVersionDate "2011.11.24"]
[SourceQuality "1"]

1. c4 e5 2. Nc3 Nf6 3. g3 Bc5 4. Bg2 c6 5. e3 0-0 6. Nge2 d5 7. cxd5 cxd5 8. d4 exd4 9. Nxd4 Bxd4 10. Qxd4 Nc6 11. Qd1 d4 12. Bxc6 bxc6 13. Qxd4 Qc7 14. f3 Re8 15. Kf2 Ba6 16. Qf4 Qb6 17. Qd4 c5 18. Qa4 Bb7 19. Rd1 Bc6 20. Qc2 Qb7 21. e4 Rab8 22. b3 Qc8 23. Bf4 Qh3 24. Kg1 Rbc8 25. Qg2 Qe6 26. Rd6 Qe7 27. Rad1 h6 28. g4 Red8 29. Rxd8+ Rxd8 30. Rxd8+ Qxd8 31. Qd2 Qc8 32. Qd6 Bb7 33. Qb8 g5 34. Qxc8+ Bxc8 35. Bd6 Nd7 36. Na4 f6 37. Nxc5 Nb6 38. Bc7 Kf7 39. Bxb6 axb6 40. Na4 b5 41. Nc3 Bd7 42. Kf2 Ke6 43. Ke3 Ke5 44. a4 bxa4 45. bxa4 Bc6 46. a5 Bb7 47. Nd5 Bc8 48. Nb4 Kd6 49. a6 Kc5 50. a7 Bb7 51. Nd5 Kc6 52. Nxf6 Kb6 53. Ng8 1-0

[Event "Alba Adriatica op 2nd"]
[Site "Alba Adriatica"]
[Date "2009.05.30"]
[Round "1"]
[White "Santurbano, Maria Vincenza"]
[Black "D'Angelo, Angelo"]
[Result "1/2-1/2"]
[WhiteElo "1929"]
[BlackElo "2249"]
[PlyCount "81"]
[EventDate "2009.05.30"]
[EventType "swiss"]
[EventRounds "6"]
[EventCountry "ITA"]
[SourceTitle "EXT 2010"]
[Source "ChessBase"]
[SourceDate "2010.11.25"]
[SourceVersion "1"]
[SourceVersionDate "2010.11.25"]
[SourceQuality "1"]

1. e4 c5 2. Nf3 a6 3. d4 cxd4 4. Nxd4 Nf6 5. e5 Qa5+ 6. Nc3 Qxe5+ 7. Be2 e6 8. 0-0 Be7 9. Bf3 Nc6 10. Nxc6 bxc6 11. Re1 Qc7 12. g3 Rb8 13. Bf4 d6 14. Na4 0-0 15. c4 c5 16. b3 Bd7 17. Nc3 Bc6 18. g4 h6 19. h4 Nh7 20. Ne4 e5 21. Bg3 Qb7 22. Qe2 f5 23. gxf5 Rxf5 24. Bg4 Rff8 25. Be6+ Kh8 26. Rad1 Bxe4 27. Qxe4 Qxe4 28. Rxe4 Nf6 29. Re3 Nh5 30. Bd7 Nf4 31. Bc6 Ng6 32. Re4 Rf5 33. Rg4 Nf4 34. Be4 Rf7 35. Bxf4 Rxf4 36. Rxf4 exf4 37. Kg2 a5 38. Bg6 Rd8 39. h5 Bf6 40. Kf3 Bd4 41. Ke4 1/2-1/2

[Event "Pescara op 10th"]
[Site "Pescara"]
[Date "2007.11.16"]
[Round "2"]
[White "Santurbano, Maria Vincenza"]
[Black "Di Cio, Enrico"]
[Result "0-1"]
[WhiteElo "1934"]
[BlackElo "1776"]
[PlyCount "92"]
[EventDate "2007.11.16"]
[EventType "swiss"]
[EventRounds "5"]
[EventCountry "ITA"]
[SourceTitle "EXT 2010"]
[Source "ChessBase"]
[SourceDate "2010.11.25"]
[SourceVersion "1"]
[SourceVersionDate "2010.11.25"]
[SourceQuality "1"]

1. e4 e5 2. Nf3 Nc6 3. Bb5 a6 4. Ba4 Nf6 5. 0-0 b5 6. Bb3 Bc5 7. c3 d6 8. d4 exd4 9. cxd4 Bb6 10. h3 h6 11. Nc3 0-0 12. Bf4 Bb7 13. Bc2 Ne7 14. Re1 Ng6 15. Bh2 Re8 16. Qd3 Nh7 17. Nd5 Bxd5 18. exd5 Qf6 19. a4 Rxe1+ 20. Rxe1 b4 21. h4 Nhf8 22. Qe4 a5 23. h5 Nh8 24. Bg3 g6 25. hxg6 Nhxg6 26. Qg4 Qg7 27. Bd3 Rd8 28. Bb5 Nh7 29. Re8+ Rxe8 30. Bxe8 Nf6 31. Qc8 Qf8 32. Bd7 Qxc8 33. Bxc8 Nxd5 34. Bb7 Ndf4 35. Kf1 h5 36. Bxf4 Nxf4 37. g3 Ne6 38. d5 Nc5 39. Bc6 Nd3 40. b3 Nc1 41. Nd2 Bd4 42. Ke1 Bc3 43. Kd1 Bxd2 44. Kxd2 Nxb3+ 45. Kd3 Kg7 46. Bd7 Nc5+ 0-1

[Event "ITA-ch (Women) 33rd"]
[Site "Bratto"]
[Date "2006.08.20"]
[Round "2"]
[White "Santurbano, Maria Vincenza"]
[Black "Tonel, Giulia"]
[Result "1-0"]
[WhiteElo "1985"]
[BlackElo "1905"]
[PlyCount "65"]
[EventDate "2006.08.19"]
[EventType "swiss"]
[EventRounds "9"]
[EventCountry "ITA"]
[SourceTitle "CBM 113 Extra"]
[Source "ChessBase"]
[SourceDate "2006.09.14"]
[SourceVersion "1"]
[SourceVersionDate "2006.09.14"]
[SourceQuality "1"]

1. e4 e5 2. Nf3 Nc6 3. Bb5 a6 4. Ba4 Nf6 5. 0-0 Be7 6. Re1 b5 7. Bb3 d6 8. c3 0-0 9. h3 h6 10. d4 Re8 11. Nbd2 Bb7 12. Nf1 Bf8 13. Ng3 Na5 14. Bc2 c5 15. d5 Nc4 16. Nh2 g6 17. a4 Bg7 18. Qe2 Qd7 19. b3 Nb6 20. Be3 bxa4 21. bxa4 Nc8 22. a5 Ne7 23. Ba4 Qc7 24. Bxe8 Rxe8 25. Reb1 Nd7 26. Ng4 Kh7 27. Qd2 f5 28. exf5 gxf5 29. Bxh6 fxg4 30. Bxg7 Kxg7 31. Qg5+ Ng6 32. Nf5+ Kf7 33. Rxb7 1-0

[Event "Campobasso op 13th"]
[Site "Campobasso"]
[Date "2006.07.23"]
[Round "5"]
[White "Santurbano, Maria Vincenza"]
[Black "Messina, Roberta"]
[Result "1-0"]
[WhiteElo "1985"]
[BlackElo "1874"]
[PlyCount "105"]
[EventDate "2006.07.21"]
[EventType "swiss"]
[EventRounds "6"]
[EventCountry "ITA"]
[SourceTitle "CBM 113 Extra"]
[Source "ChessBase"]
[SourceDate "2006.09.14"]
[SourceVersion "1"]
[SourceVersionDate "2006.09.14"]
[SourceQuality "1"]

1. e4 c5 2. Nf3 d6 3. d4 cxd4 4. Nxd4 Nf6 5. Nc3 a6 6. Be2 e6 7. a4 Nc6 8. 0-0 Qc7 9. Be3 b6 10. Nxc6 Qxc6 11. Bf3 e5 12. Qe2 Bb7 13. Rfd1 Be7 14. a5 b5 15. Nd5 Nxd5 16. exd5 Qc4 17. Qxc4 bxc4 18. Ra4 Bd8 19. Be2 Rc8 20. Rb4 Ba8 21. Bb6 0-0 22. Bxc4 Bxb6 23. axb6 Bb7 24. Ra1 Rc5 25. Bxa6 Ra8 26. Rba4 Rxc2 27. h3 Bxd5 28. b7 Rb8 29. Rd1 Bc6 30. Rb4 d5 31. Bd3 Rc5 32. Ra1 g6 33. Ra8 Rxa8 34. bxa8Q+ Bxa8 35. Rb8+ Kg7 36. Rxa8 e4 37. Ba6 Rc1+ 38. Kh2 d4 39. b4 d3 40. Rd8 Rc2 41. b5 Rb2 42. Kg3 Rb3 43. Kf4 f5 44. g4 fxg4 45. hxg4 Rb4 46. Ke3 h5 47. f3 exf3 48. Kxf3 Rb3 49. gxh5 gxh5 50. Kf4 h4 51. Kg4 d2 52. Rxd2 h3 53. Rh2 1-0

[Event "ITA-ch (Women)"]
[Site "Bratto"]
[Date "2005.08.26"]
[Round "7"]
[White "Santurbano, Maria Vincenza"]
[Black "Brunello, Roberta"]
[Result "1-0"]
[WhiteElo "2001"]
[BlackElo "1837"]
[PlyCount "45"]
[EventDate "2005.08.20"]
[EventType "swiss"]
[EventRounds "9"]
[EventCountry "ITA"]
[SourceTitle "CBM 108 Extra"]
[Source "ChessBase"]
[SourceDate "2005.11.04"]
[SourceVersion "1"]
[SourceVersionDate "2005.11.04"]
[SourceQuality "1"]

1. e4 e5 2. Nf3 Nc6 3. Bb5 d6 4. d4 Bd7 5. Nc3 Nf6 6. 0-0 Be7 7. d5 Nb8 8. Qe2 0-0 9. h3 h6 10. Be3 a6 11. Bxd7 Nbxd7 12. b4 Nh7 13. a4 f5 14. exf5 Rxf5 15. Ne4 Qe8 16. Qc4 Rc8 17. Ng3 Rf8 18. a5 Qg6 19. b5 Ndf6 20. bxa6 bxa6 21. Nh4 Qf7 22. Nhf5 Nxd5 23. Qxd5 1-0

[Event "ITA-ch (Women)"]
[Site "Bratto"]
[Date "2005.08.25"]
[Round "6"]
[White "Arnetta, Maria Teresa"]
[Black "Santurbano, Maria Vincenza"]
[Result "1-0"]
[WhiteElo "2004"]
[BlackElo "2001"]
[PlyCount "65"]
[EventDate "2005.08.20"]
[EventType "swiss"]
[EventRounds "9"]
[EventCountry "ITA"]
[SourceTitle "CBM 108 Extra"]
[Source "ChessBase"]
[SourceDate "2005.11.04"]
[SourceVersion "1"]
[SourceVersionDate "2005.11.04"]
[SourceQuality "1"]

1. e4 c5 2. c3 e5 3. Nf3 Nc6 4. d4 cxd4 5. cxd4 Bb4+ 6. Nc3 exd4 7. Nxd4 Nf6 8. Nxc6 bxc6 9. Bd3 d5 10. exd5 0-0 11. 0-0 Qc7 12. Ne4 Nxe4 13. Bxe4 Ba6 14. Bd3 Bxd3 15. Qxd3 Rad8 16. Qc4 Bd6 17. dxc6 Bxh2+ 18. Kh1 Qe5 19. Qh4 Qe2 20. Bf4 Bxf4 21. Qxf4 Rfe8 22. c7 Rc8 23. Rfd1 h6 24. Rd7 Qe6 25. Rad1 g5 26. Qd4 Kh7 27. Qxa7 Re7 28. Rxe7 Qxe7 29. Rc1 Qd7 30. Qc5 Qd2 31. b4 Qf4 32. b5 Qh4+ 33. Kg1 1-0

[Event "Falconara Marittima op 2nd"]
[Site "Falconara Marittima"]
[Date "2005.07.24"]
[Round "9"]
[White "Santurbano, Maria Vincenza"]
[Black "Castrogiovanni, Carlo"]
[Result "1-0"]
[WhiteElo "2001"]
[BlackElo "2108"]
[PlyCount "79"]
[EventDate "2005.07.18"]
[EventType "swiss"]
[EventRounds "9"]
[EventCountry "ITA"]
[SourceTitle "EXT 2007"]
[Source "ChessBase"]
[SourceDate "2006.11.23"]
[SourceVersion "1"]
[SourceVersionDate "2006.11.23"]
[SourceQuality "1"]

1. e4 c5 2. Nf3 a6 3. c3 d5 4. exd5 Qxd5 5. d4 Bg4 6. Be2 cxd4 7. 0-0 e6 8. cxd4 Nf6 9. Nc3 Qd8 10. Qb3 b6 11. Rd1 Nd5 12. Bg5 f6 13. Bh4 Be7 14. Qa4+ Nd7 15. Nxd5 exd5 16. Qc6 0-0 17. Qxd5+ Kh8 18. h3 Bxf3 19. Bxf3 Ra7 20. Bg3 f5 21. Be5 Nf6 22. Qc6 Rd7 23. Rac1 Bd6 24. Qa4 a5 25. Rc6 Ne4 26. Rdc1 Bxe5 27. dxe5 Rd4 28. Qa3 Nc5 29. Qe3 Rd3 30. Qe1 h6 31. e6 Re8 32. Bh5 Re7 33. b4 axb4 34. Qxb4 Rxe6 35. Rxe6 Nxe6 36. Re1 Rd4 37. Qb5 Re4 38. Rb1 Qg5 39. Qe8+ Kh7 40. Bf7 1-0

[Event "Salsomaggiore Terme op"]
[Site "Salsomaggiore Terme"]
[Date "2005.06.21"]
[Round "4"]
[White "Santurbano, Maria Vincenza"]
[Black "Pipitone, Antonio"]
[Result "1/2-1/2"]
[WhiteElo "2043"]
[BlackElo "2051"]
[PlyCount "114"]
[EventDate "2005.06.04"]
[EventType "swiss"]
[EventRounds "6"]
[EventCountry "ITA"]
[SourceTitle "EXT 2006"]
[Source "ChessBase"]
[SourceDate "2005.11.24"]
[SourceVersion "1"]
[SourceVersionDate "2005.11.24"]
[SourceQuality "1"]

1. e4 c5 2. Nf3 d6 3. d4 cxd4 4. Nxd4 Nf6 5. Nc3 Nc6 6. Be2 e6 7. Be3 Be7 8. Qd2 a6 9. g4 Nxd4 10. Bxd4 e5 11. Be3 h6 12. Rg1 Be6 13. 0-0-0 Qa5 14. a3 Rc8 15. h4 Rxc3 16. Qxc3 Qxc3 17. bxc3 Nxe4 18. Kb2 Bxh4 19. f4 exf4 20. Bxf4 Bf6 21. Rd3 d5 22. Bf3 Nc5 23. Re3 d4 24. Ree1 dxc3+ 25. Kb1 0-0 26. g5 hxg5 27. Bxg5 Bd4 28. Rg2 Re8 29. Kc1 g6 30. Rg4 Bg7 31. Rc4 b6 32. Bf4 Rd8 33. Rb4 b5 34. Be3 Na4 35. Bg5 Rd7 36. Bg4 Rd6 37. Bf4 Rc6 38. Bf3 Rc5 39. Bd6 Rc8 40. Bb7 Rd8 41. Bf4 Bf8 42. Bxa6 Bxb4 43. axb4 Bc4 44. Be5 Re8 45. Bxc3 Rxe1+ 46. Bxe1 f5 47. Bd2 Kf7 48. Bg5 Nc3 49. Bb7 Na2+ 50. Kb2 Nxb4 51. Kc3 Na2+ 52. Kd4 Ke6 53. Bc8+ Kf7 54. c3 Nc1 55. Bxc1 Kf6 56. Bf4 g5 57. Be5+ Kg6 1/2-1/2

[Event "Cutro op-A 11th"]
[Site "Cutro"]
[Date "2005.04.29"]
[Round "7"]
[White "Santurbano, Maria Vincenza"]
[Black "Hocevar, Nikola"]
[Result "1/2-1/2"]
[WhiteElo "2043"]
[BlackElo "2092"]
[PlyCount "28"]
[EventDate "2005.04.23"]
[EventType "swiss"]
[EventRounds "9"]
[EventCountry "ITA"]
[SourceTitle "CBM 106 Extra"]
[Source "ChessBase"]
[SourceDate "2005.07.01"]
[SourceVersion "1"]
[SourceVersionDate "2005.07.01"]
[SourceQuality "1"]

1. e4 c5 2. Nf3 Nc6 3. d4 cxd4 4. Nxd4 g6 5. Nc3 Bg7 6. Nb3 Nf6 7. Be2 0-0 8. 0-0 d6 9. Be3 Ne5 10. Qd2 Be6 11. Bh6 Nc4 12. Bxc4 Bxc4 13. Bxg7 Kxg7 14. Rfe1 Bxb3 1/2-1/2

[Event "Cutro op-A 11th"]
[Site "Cutro"]
[Date "2005.04.25"]
[Round "3"]
[White "Parrella, Alfredo"]
[Black "Santurbano, Maria Vincenza"]
[Result "1-0"]
[WhiteElo "2176"]
[BlackElo "2043"]
[PlyCount "71"]
[EventDate "2005.04.23"]
[EventType "swiss"]
[EventRounds "9"]
[EventCountry "ITA"]
[SourceTitle "CBM 106 Extra"]
[Source "ChessBase"]
[SourceDate "2005.07.01"]
[SourceVersion "1"]
[SourceVersionDate "2005.07.01"]
[SourceQuality "1"]

1. d4 Nf6 2. c4 c5 3. d5 d6 4. Nc3 e6 5. e4 exd5 6. cxd5 g6 7. h3 a6 8. a4 Bg7 9. Nf3 0-0 10. Bd3 Re8 11. 0-0 Nbd7 12. Bf4 Qc7 13. Re1 b6 14. Rc1 Bb7 15. b3 Rad8 16. Qd2 Nh5 17. Bh2 Re7 18. g4 Nhf6 19. Bf4 Ne5 20. Nxe5 dxe5 21. Bg5 Qd7 22. f3 Qd6 23. Bc4 Bc8 24. Kf2 Rde8 25. Rh1 Ra7 26. Qe2 h6 27. Be3 Nh7 28. Rcg1 Kh8 29. Qd2 g5 30. h4 Kg8 31. hxg5 hxg5 32. Bxg5 Qg6 33. Be3 Rd8 34. Rg2 Bf6 35. Rh6 Qg7 36. g5 1-0

[Event "Cutro op-A 11th"]
[Site "Cutro"]
[Date "2005.04.23"]
[Round "1"]
[White "Marholev, Dimitar"]
[Black "Santurbano, Maria Vincenza"]
[Result "1-0"]
[WhiteElo "2395"]
[BlackElo "2043"]
[PlyCount "55"]
[EventDate "2005.04.23"]
[EventType "swiss"]
[EventRounds "9"]
[EventCountry "ITA"]
[SourceTitle "CBM 106 Extra"]
[Source "ChessBase"]
[SourceDate "2005.07.01"]
[SourceVersion "1"]
[SourceVersionDate "2005.07.01"]
[SourceQuality "1"]

1. e4 c5 2. Nc3 d6 3. Nge2 Nf6 4. d4 cxd4 5. Nxd4 a6 6. Bg5 e6 7. f4 Be7 8. Qe2 Nbd7 9. 0-0-0 h6 10. Bxf6 Nxf6 11. e5 dxe5 12. Nf5 Qxd1+ 13. Qxd1 exf5 14. fxe5 Ng4 15. Qe1 Bc5 16. Bc4 Ne3 17. Bb3 0-0 18. Nd5 Ng4 19. h3 Nf2 20. Rf1 Ne4 21. g4 g6 22. Nc7 Ra7 23. e6 b5 24. gxf5 gxf5 25. exf7+ Kh7 26. Ne6 Bxe6 27. Bxe6 Nd6 28. Qe5 1-0